000 01049nam0a22002771 4500
001 v19\rc\1795981
005 20250619081709.0
035 _a(NLR Aleph) 004886624
090 _a5226545
_c5226545
100 _a20061204d1905 |||y0rusy50 ca
101 0 _arus
102 _aRU
105 _ay z |||||
200 1 _aСборник грамматических правил, задач и примеров для зрительного диктанта по русскому языку для Приготовительного пансиона Войска Донского
_fСост. полк. Смирнов
205 _a1-е изд.
210 _aНовочеркасск
_cОбл. Войска Дон. тип.
_d1905
215 _a91 с.
_d25
700 1 _aСмирнов
_bМ.Н.
_f1861-
_gМихаил Николаевич
_4220
801 0 _aRU
_bNLR
_gpsbo
801 0 _aRU
_bRuMoRGB
_2psbo
801 1 _aRU
_bProSoft-M
_2rusmarc
852 _aNLR
_j34.84.8.1361
899 _aRuMoRGB
_jA 277/54
899 _aБАН
942 _cBOOK
980 _aNB